Let's play in the forest while the wolf is not around / (Record no. 6422)

MARC details
000 -LEADER
fixed length control field 01279cam a2200409 a 4500
001 - CONTROL NUMBER
control field 6422
003 - CONTROL NUMBER IDENTIFIER
control field FISKH
005 - DATE AND TIME OF LATEST TRANSACTION
control field 20250429123230.0
008 - FIXED-LENGTH DATA ELEMENTS--GENERAL INFORMATION
fixed length control field 051026s2006 nyuag a 000 0 eng
010 ## - LIBRARY OF CONGRESS CONTROL NUMBER
LC control number 2005030531
020 ## - INTERNATIONAL STANDARD BOOK NUMBER
International Standard Book Number 0439823234
020 ## - INTERNATIONAL STANDARD BOOK NUMBER
International Standard Book Number 9780439823234
020 ## - INTERNATIONAL STANDARD BOOK NUMBER
International Standard Book Number 9780439823234
020 ## - INTERNATIONAL STANDARD BOOK NUMBER
International Standard Book Number 9780545019828
040 ## - CATALOGING SOURCE
Original cataloging agency DLC
Transcribing agency DLC
Modifying agency VP@
-- DLC
Language of cataloging eng
050 ## - LIBRARY OF CONGRESS CALL NUMBER
Classification number PZ8.R855 L
082 ## - DEWEY DECIMAL CLASSIFICATION NUMBER
Classification number 782.42
100 1# - MAIN ENTRY--PERSONAL NAME
Personal name Rueda, Claudia.
245 10 - TITLE STATEMENT
Title Let's play in the forest while the wolf is not around /
Statement of responsibility, etc. by Claudia Rueda.
260 ## - PUBLICATION, DISTRIBUTION, ETC.
Place of publication, distribution, etc. New York :
Name of publisher, distributor, etc. Scholastic,
Date of publication, distribution, etc. 2006.
300 ## - PHYSICAL DESCRIPTION
Extent 32 unnumbered pages ;
Other physical details color illustrations ;
Dimensions 23 cm
505 ## - FORMATTED CONTENTS NOTE
Formatted contents note G<br/>
520 ## - SUMMARY, ETC.
Summary, etc. In this adaptation of the traditional French and Latin American song, animals play in the forest while a scary wolf slowly dresses and becomes hungrier and hungrier.
521 8# - TARGET AUDIENCE NOTE
Target audience note 420<br/>
Source Lexile AD<br/>
521 8# - TARGET AUDIENCE NOTE
Target audience note G<br/>
Source Raz-Plus<br/>
650 #0 - SUBJECT ADDED ENTRY--TOPICAL TERM
Topical term or geographic name entry element Children's songs, English
Form subdivision Texts.
650 #0 - SUBJECT ADDED ENTRY--TOPICAL TERM
Topical term or geographic name entry element Folk songs, English
Form subdivision Texts.
650 #1 - SUBJECT ADDED ENTRY--TOPICAL TERM
Topical term or geographic name entry element Colombian songs.
650 #1 - SUBJECT ADDED ENTRY--TOPICAL TERM
Topical term or geographic name entry element Wolves.
650 #1 - SUBJECT ADDED ENTRY--TOPICAL TERM
Topical term or geographic name entry element Animals.
650 #1 - SUBJECT ADDED ENTRY--TOPICAL TERM
Topical term or geographic name entry element Song texts.
650 #1 - SUBJECT ADDED ENTRY--TOPICAL TERM
Topical term or geographic name entry element Singing games.
650 #1 - SUBJECT ADDED ENTRY--TOPICAL TERM
Topical term or geographic name entry element Games.
906 ## - LOCAL DATA ELEMENT F, LDF (RLIN)
a 7
b cbc
c orignew
d 1
e ecip
f 20
g y-gencatlg
942 ## - ADDED ENTRY ELEMENTS (KOHA)
Source of classification or shelving scheme Dewey Decimal Classification
Koha item type Books
Suppress in OPAC No
Holdings
Withdrawn status Lost status Source of classification or shelving scheme Damaged status Not for loan Collection Home library Current library Shelving location Date acquired Total Checkouts Full call number Barcode Date last seen Date last checked out Copy number Price effective from Koha item type
    Dewey Decimal Classification     Juvenile Fiction Footprints International School Library Network Toul Kork Campus Footprints International School Library Network Toul Kork Campus TK Primary Library Room(4th Floor), Bookcase 1&2, Shelves 1-16, Dark Blue Books 04/29/2025 2 RUE 782.42 PZ8.R855 L FISBK06348 03/05/2026 02/26/2026 1 04/29/2025 Books